Track World Records (for men) - Statistics

General Stats
  • This quiz has been taken 19 times
  • The average score is 5 of 14
Answer Stats
Event Time Athlete/Country % Correct
100m 9.58 Usain Bolt
100%
200m 19.19 Usain Bolt
100%
4x400m 2:54.29 United States of America
76%
4x100m 36.84 Jamaica
65%
800m 1:40.91 David Rudisha
53%
Marathon 2:00:35 Kelvin Kiptum
35%
400 hurdles 45.94 Karsten Warholm
29%
5000m 12:35.36 Joshua Cheptegei
18%
10000m 26:11.00 Joshua Cheptegei
18%
110 hurdles 12.8 Aries Merritt
12%
2000m 4:43.13 Jakob Ingebrigtsen
12%
400m 43.03 Wayde Van Niekirk
12%
1500m 3:26.00 Hicham El Guerroj
0%
1600m 3:43.13 Hicham El Guerroj
0%
No matching quizzes found
Score Distribution
Percent of People with Each Score
Percentile by Number Answered
Your Score History
You have not taken this quiz